00624nam a2200205 i 450000100060000000300090000600500170001500700030003200800410003508000230007610000340009924500500013326000560018330000380023949000260027760000340030370000340033783000260037185200210039737492ES-MaACL20230906155602.0t|030307q1923 sp f |||| |dspa d a73 Clará, José1 aClará, José (d1878-1958)10aJosé Clará / c[texto, José Francés]. aMadrid : b[s.n.], c[h. 1923] (fTip. Artística) a16 p., 41 h. de lám. ; c21 cm.1 aMonografías de arte14aClará, José (d1878-1958)1 aFrancés, José,d1883-19640 aMonografías de arte aES-MaACLjF-5778